000 00337nam a2200133Ia 4500
008 191201s2004 xx 000 0 und d
100 _aBali, N P
245 2 _aA text book of Engineering Mathematics 2nd sem
250 _a2nd
260 _c2004
_bLaxmi Publications
_aN.Delhi
300 _a210
650 _aAPPLIED
942 _2ddc
_cBB
_020
999 _c7243
_d7243